شرح القانون المدني الجديد / (Record no. 24968)
[ view plain ]
| 000 -الفاتح | |
|---|---|
| حقل البيانات ثابتة الطول | 02534nam a22002895a 4500 |
| 003 - محدد رقم الضبط | |
| رقم الضبط | OSt |
| 005 - وقت وتاريخ اخر تعامل مع التسجيلة | |
| رقم الضبط | 20170703113640.0 |
| 008 - عناصر البيانات ثابتة الطول - معلومات عامة | |
| حقل البيانات ثابتة الطول | 170615s2006 ua a grb 000 0 ara d |
| 020 ## - الرقم الدولى المعيارى للكتب | |
| الرقم الدولى المعيارى للكتاب | 9786144010037 |
| 040 ## - مصدر الفهرسة | |
| وكالة الفهرسة الأصلية | EG-ScBUE |
| لغة الفهرسة | ara |
| وكالة النسخ | EG-ScBUE |
| 043 ## - رمز المنطقة الجغرافية | |
| رمز المنطقة الجغرافية | f-ua--- |
| 082 04 - رقم تصنيف ديوى العشرى | |
| رقم التصنيف | 346.62 |
| رقم المادة | س ن هـ |
| رقم الطبعة | 22 |
| 100 1# - المدخل الرئيسى - إسم شخصى | |
| الإسم الشخصى | السنهوري، عبد الرزاق بن أحمد السنهوري، باشا، |
| التواريخ المصاحبة للاسم | 1895-1971. |
| 245 12 - بيان العنوان | |
| العنوان | شرح القانون المدني الجديد / |
| بيان المسئوليه,etc | تأليف عبد الرزاق أحمد السنهوري. |
| 250 ## - بيان الطبعة | |
| بيان الطبعة | ط. 3، جديدة. |
| 260 ## - PUBLICATION, DISTRIBUTION, ETC. (IMPRINT) | |
| مكان الناشر او الموزع | بيروت : |
| اسم الناشر او الموزع | منشورات الحلبي الحقوقية، |
| تاريخ النشر أو التوزيع | 2015. |
| 300 ## - الوصف المادى | |
| التعداد | 10 مج. في 14 ج. : |
| تفاصيل ماديه اخرى للوعاء | إيض. ؛ |
| أبعاد الوعاء | 24 سم. |
| 504 ## - تبصرة ببليوجرافية | |
| تبصرة ببليوجرافية,الخ | يشتمل على إرجاعات ببليوجرافية. |
| 505 0# - تبصرة محتويات-الفهرس | |
| تبصرة المحتويات المصاغة | مج. 1.، ج. 1-2 نظرية الالتزام بوجة عام : مصادر الالتزام -- مج. 2. نظرية الالتزام بوجة عام : الإثبات-آثار الالتزام -- مج. 3. نظرية الالتزام بوجة عام : الأوصاف-الحوالة-الانقضاء -- مج. 4. العقود التي تقع على الملكية : البيع والمقايضة -- مج. 5. العقود التي تقع على الملكية : الهبة والشركة والقرض والدخل الدائم والصلح -- مج. 6.، ج. 1-2 العقود الواردة على الانتفاع بالشئ : الإيجار والعارية -- مج. 7. ج. 1. العقود الواردة على العمل : المقاولة والوكالة والوديعة والحراسة. ج. 2. عقود الغرر : عقود المقامرة والرهان والمرتب مدى الحياة وعقد التأمين -- مج. 8. حق الملكية مع شرح مفصل للأشياء والأموال -- مج. 9. ج. 1-2 أسباب كسب الملكية مع الحقوق العينية الأصلية المتفرعة عن الملكية (حق الانتفاع وحق الارتفاق) -- مج. 10.في التأمينات الشخصية والعينية. |
| 650 #7 - المدخل الاضافى بالموضوع-مصطلح موضوعى | |
| مصطلح موضوعي أو اسم جغرافي كعنصر مدخل | البطاركة |
| التقسيم الفرعي الجغرافي | مصر |
| التقسيم الفرعي العام | تاريخ. |
| مصدر الرأس أو المصطلح | BUEsh |
| 651 #7 - المدخل الاضافى بالموضوع - اسم جغرافى | |
| الاسم الجغرافي | مصر |
| التقسيم الفرعي العام | تاريخ |
| التقسيم الفرعي الزمني | العصر القبطي، 342-642. |
| مصدر الرأس أو المصطلح | BUEsh |
| 653 ## - مصطلح تكشيفى غير مقيد | |
| Resource For college | Engineering, General |
| Arrived date list | July2017 |
| 700 1# - المدخل الاضافى - اسم شخصى | |
| الإسم الشخصى | جمال الدين، عبد العزيز، |
| الدور | معد. |
| 700 02 - المدخل الاضافى - اسم شخصى | |
| الإسم الشخصى | ساويرس بن المقفع، |
| العنوان والكلمات الأخرى المصاحبة للاسم | أسقف الأسمونين، |
| التواريخ المصاحبة للاسم | ن. 955-987 |
| عنوان العمل | تاريخ بطاركة الكنيسة المصرية. |
| 740 02 - المدخل الاضافى - عنوان مرتبط/تحليلى غير مقيد | |
| العنوان التحليلي/ الرابط غير مقيد | تاريخ بطاركة الكنيسة المصرية. |
| 942 ## - عناصر المدخل الإضافي( كوها) | |
| مصدر التصنيف او مخطط الترفيف | Dewey Decimal Classification |
| حالة التراجع | حالة الفقد | مصدر التصنيف او خطة الترفيف | حالة تلف | ليس للاعارة | المكان الدائم | المكان الحالي | موقع الترفيف | تاريخ الاكتساب | Source of acquisition | تعداد مسلسل / التسلسل الزمني | رقم الاستدعاء | الباركود | Date last seen | مُعار | نوع الوعاء | تبصرة عامة |
|---|---|---|---|---|---|---|---|---|---|---|---|---|---|---|---|---|
| Dewey Decimal Classification | Central Library | Central Library | First floor | 03/07/2017 | Purchase | 04183 | 346.62 س ن هـ | 000041976 | 26/11/2025 | 21/03/2019 | Book - Borrowing | مج. 10. | ||||
| Dewey Decimal Classification | Central Library | Central Library | First floor | 03/07/2017 | Purchase | 04183 | 346.62 س ن هـ | 000041977 | 15/07/2025 | 06/03/2023 | Book - Borrowing | مج. 9. ج. 2. | ||||
| Dewey Decimal Classification | Central Library | Central Library | First floor | 03/07/2017 | Purchase | 04183 | 346.62 س ن هـ | 000041978 | 15/07/2025 | 28/03/2019 | Book - Borrowing | مج. 9. ج. 1. | ||||
| Dewey Decimal Classification | Central Library | Central Library | First floor | 03/07/2017 | Purchase | 04183 | 346.62 س ن هـ | 000041979 | 15/07/2025 | 10/12/2020 | Book - Borrowing | مج. 8. | ||||
| Dewey Decimal Classification | Central Library | Central Library | First floor | 03/07/2017 | Purchase | 04183 | 346.62 س ن هـ | 000041980 | 15/07/2025 | 19/02/2020 | Book - Borrowing | مج. 7. ج. 1. | ||||
| Dewey Decimal Classification | Central Library | Central Library | First floor | 03/07/2017 | Purchase | 04183 | 346.62 س ن هـ | 000041981 | 30/11/2025 | 23/11/2025 | Book - Borrowing | مج. 7. ج. 2. | ||||
| Dewey Decimal Classification | Central Library | Central Library | First floor | 03/07/2017 | Purchase | 04183 | 346.62 س ن هـ | 000041982 | 15/07/2025 | 21/04/2024 | Book - Borrowing | مج. 6. ج. 2. | ||||
| Dewey Decimal Classification | Central Library | Central Library | First floor | 03/07/2017 | Purchase | 04183 | 346.62 س ن هـ | 000041983 | 15/07/2025 | 18/04/2024 | Book - Borrowing | مج. 6. ج. 1. | ||||
| Dewey Decimal Classification | Central Library | Central Library | First floor | 03/07/2017 | Purchase | 04183 | 346.62 س ن هـ | 000041984 | 15/07/2025 | Book - Borrowing | مج. 5. | |||||
| Dewey Decimal Classification | Central Library | Central Library | First floor | 03/07/2017 | Purchase | 04183 | 346.62 س ن هـ | 000041985 | 15/07/2025 | 03/05/2025 | Book - Borrowing | مج. 4. | ||||
| Dewey Decimal Classification | Central Library | Central Library | First floor | 03/07/2017 | Purchase | 04183 | 346.62 س ن هـ | 000041986 | 15/07/2025 | 26/11/2023 | Book - Borrowing | مج. 3. | ||||
| Dewey Decimal Classification | Central Library | Central Library | First floor | 03/07/2017 | Purchase | 04183 | 346.62 س ن هـ | 000041987 | 15/02/2026 | 07/04/2024 | Book - Borrowing | مج. 2. | ||||
| Dewey Decimal Classification | Central Library | Central Library | First floor | 03/07/2017 | Purchase | 04183 | 346.62 س ن هـ | 000041988 | 15/07/2025 | 20/12/2022 | Book - Borrowing | مج. 1. ج. 1. | ||||
| Dewey Decimal Classification | Central Library | Central Library | First floor | 03/07/2017 | Purchase | 04183 | 346.62 س ن هـ | 000041989 | 25/10/2025 | 20/12/2022 | Book - Borrowing | مج. 1. ج.2. |